Magnoliáceas de Antioquia / (Registro nro. 4875)
[ vista simple ]
| 000 -CABECERA | |
|---|---|
| Campo de control | 01292cam a2200301 a 4500 |
| 005 - FECHA Y HORA DE LA ULTIMA TRANSACCION | |
| Campo de control | 20160209101426.0 |
| 008 - ELEMENTOS DE LONGITUD FIJA—INFORMACION GENERAL | |
| Campo de control | 050718s2005 ck abo r 00010 spa d |
| 020 ## - ISBN | |
| ISBN | 9583377414 |
| 040 ## - FUENTE DE CATALOGACIÓN | |
| Agencia catalogadora original | la |
| Agencia transcriptora | la |
| Agencia Modificadora | CO-BoIAVH |
| 041 0# - IDIOMA | |
| Código de idioma para texto/pista de sonido o título separado | Español |
| 044 ## - PAÍS DE PUBLICACIÓN | |
| País de publicación | Colombia |
| 082 04 - NUMERO DE CLASIFICACION DECIMAL DEWEY | |
| Número de clasificación | 583.22 |
| Número del ítem | V44m |
| 100 1# - ASIENTO PRINCIPAL--NOMBRE PERSONAL | |
| Nombre personal | Velásquez Rúa, César. |
| 9 (RLIN) | 4626 |
| 245 10 - MENCION DE TITULO | |
| Título | Magnoliáceas de Antioquia / |
| Mención de responsabilidad | textos César Velásquez Rúa & Marcela Serna González ; ilustraciones Jhon Jairo Colorado ; fotografías Marcela Serna González. |
| 260 ## - PUBLICACION, DISTRIBUCION, ETC. (PIE DE IMPRENTA) | |
| Lugar de publicación, distribución, etc. | Medellín : |
| Nombre del editor, distribuidor, etc. | Jardín Botánico Joaquín Antonio Uribe, |
| Fecha de publicación, distribución, etc. | 2005. |
| 300 ## - DESCRIPCION FISICA | |
| Extensión | 32 páginas : |
| Otros detalles físicos | ilustraciones, mapas, fotos ; |
| Dimensiones | 23 x 17 cm. |
| 504 ## - NOTA DE BIBLIOGRAFIA, ETC. | |
| Nota de bibliografía | Incluye bibliografía. |
| 650 #6 - ASIENTO SECUNDARIO DE MATERIA - TERMINO TEMATICO | |
| Término temático o nombre geográfico como elemento de entrada | Magnoliaceae |
| Subdivisión general | Clasificación |
| Subdivisión geográfica | Antioquia (Colombia) |
| 9 (RLIN) | 58083 |
| 650 #6 - ASIENTO SECUNDARIO DE MATERIA - TERMINO TEMATICO | |
| Término temático o nombre geográfico como elemento de entrada | Magnoliaceae |
| Subdivisión general | Morfología |
| Subdivisión geográfica | Antioquia (Colombia) |
| 9 (RLIN) | 58084 |
| 650 #6 - ASIENTO SECUNDARIO DE MATERIA - TERMINO TEMATICO | |
| Término temático o nombre geográfico como elemento de entrada | Magnoliaceae |
| Subdivisión general | Fenología |
| Subdivisión geográfica | Antioquia (Colombia) |
| 9 (RLIN) | 58085 |
| 650 #6 - ASIENTO SECUNDARIO DE MATERIA - TERMINO TEMATICO | |
| Término temático o nombre geográfico como elemento de entrada | Magnoliaceae |
| Subdivisión geográfica | Antioquia (Colombia) |
| 9 (RLIN) | 58086 |
| 650 #6 - ASIENTO SECUNDARIO DE MATERIA - TERMINO TEMATICO | |
| Término temático o nombre geográfico como elemento de entrada | Magnoliáceas |
| Subdivisión geográfica | Antioquia (Colombia) |
| 9 (RLIN) | 58087 |
| 650 #6 - ASIENTO SECUNDARIO DE MATERIA - TERMINO TEMATICO | |
| Término temático o nombre geográfico como elemento de entrada | Botánica |
| Subdivisión geográfica | Antioquia (Colombia) |
| 9 (RLIN) | 58088 |
| 700 1# - ASIENTO SECUNDARIO - NOMBRE PERSONAL | |
| Nombre personal | Serna González, Marcela, |
| Término de relación | fotografía |
| 9 (RLIN) | 4627 |
| 700 1# - ASIENTO SECUNDARIO - NOMBRE PERSONAL | |
| Nombre personal | Colorado, Jhon Jairo, |
| Término de relación | ilustrador |
| 9 (RLIN) | 58089 |
| 700 1# - ASIENTO SECUNDARIO - NOMBRE PERSONAL | |
| Nombre personal | Rueda Ossa, Paola Andrea, |
| Término de relación | edición |
| 9 (RLIN) | 58090 |
| 942 ## - ELEMENTOS ADICIONALES (KOHA) | |
| Sistema de clasificación | Dewey Decimal Classification |
| Tipo de ítem | Folleto |
| Withdrawn status | Lost status | Sistema de Clasificación | Damaged status | No para préstamo | Colección | Ubicación Permanente | Ubicación actual | Fecha de adquisición | Fuente de Valor | Total Checkouts | Número topográfico | Inventario / Código de Barras | Date last seen | Ejemplar | Price effective from | Forma de adquisición | Tipo de material | Inventariado | Valor |
|---|---|---|---|---|---|---|---|---|---|---|---|---|---|---|---|---|---|---|---|
| Dewey Decimal Classification | General | Bogotá | Bogotá | 24/11/2005 | Instituto | LB-583.22 V44m | 022379 | 04/12/2012 | Ej. 2 | 04/12/2012 | Libro | Inventariado 2017 | 15000.00 | ||||||
| Local | Botánica | Villa de Leyva | Villa de Leyva | 24/11/2005 | Franco, Ana María | LB-04298 | 022378 | 04/12/2012 | Ej. 1 | 04/12/2012 | Libro |